000 00883cab a2200277 4500
001 ABS51901
008 090401t1994 xxu||||| |||| 00| 0 eng d
035 _a(Sirsi) u49603
041 _aeng
100 _aSwallow, P.
245 _aKnow your local materials: Swithland slate
260 _c1994
350 _a0
490 _aSurveying Quarterly
_v(28) Winter 1994, 5(1)
520 _aDiscusses the history and the properties of Swithland slate, a traditional building material that has become scarce and alternatives suitable for Swithland roofs on listed buildings.
650 _aBUILT ENVIRONMENT-BUILDING MATERIALS
650 _aCHARNWOOD
650 _aGREYWACKE
650 _aLISTED BUILDINGS
650 _aROOF SLATES
650 _aSLATE
650 _aSWITHLAND SLATE
690 _aBUILT ENVIRONMENT-BUILDING MATERIALS
942 _n0
948 _c04/03/1997
999 _c31053
_d31053